000 00658nam a2200241Ia 4500
003 OSt
005 20221005073233.0
006 a|||||r|||| 00| 0
007 ta
008 221004b |||||||| |||| 00| 0 eng d
024 _a72096
037 _cTextual
040 _aCRL
_cCRL
_beng
041 _2eng
_aeng
082 _aY15-5927:4.2, N5
100 _aJogdand P. G. Ed.
_9302211
245 0 _aDalit women in India
_b Issues and perspectives
260 _aNew Delhi
_bGyan India
_c1995
300 _axx, 239p
_ccm.
650 _aSOCIOLOGY
942 _hY15-5927:4.2, N5
_cTEXL
_2cc
999 _c980793
_d980793